[Event "TUR-chT 2nd League"]
[Site "Konya"]
[Date "2018.07.18"]
[Round "4.13"]
[White "Kaya, Ilgin"]
[Black "Tutuncu, Inci"]
[Result "1-0"]
[WhiteElo "1397"]
[BlackElo "1361"]
[PlyCount "81"]
[EventDate "2018.07.16"]
[EventType "team-swiss"]
[EventRounds "9"]
[EventCountry "TUR"]
[SourceTitle "EXT 2019"]
[Source "ChessBase"]
[SourceDate "2018.10.10"]
[SourceVersion "1"]
[SourceVersionDate "2018.10.10"]
[SourceQuality "1"]
[WhiteTeam "Corum Belediye"]
[BlackTeam "Genc Efe Izcilik"]
[WhiteTeamCountry "TUR"]
[BlackTeamCountry "TUR"]

1. d4 f5 2. Nf3 g6 3. g3 Bg7 4. Bg2 d6 5. 0-0 Nf6 6. c4 0-0 7. Nc3 a6 8. Bf4 Qe8 9. Qd2 Nbd7 10. Rfe1 e5 11. dxe5 dxe5 12. Bh6 e4 13. Nd4 Ne5 14. b3 Bd7 15. Bxg7 Kxg7 16. f4 Nc6 17. e3 Nb4 18. Bf1 Rd8 19. a3 Nc6 20. Nd5 Nxd5 21. cxd5 Ne7 22. Qb2 Kg8 23. d6 cxd6 24. Rac1 b5 25. b4 Nd5 26. Qa2 Qf7 27. Qb3 Rc8 28. Red1 Rxc1 29. Rxc1 Rc8 30. Rxc8+ Bxc8 31. Nc6 Bb7 32. Na5 Kf8 33. Qb2 Bc8 34. Qd4 Be6 35. a4 bxa4 36. Bxa6 Qc7 37. Bc4 Nxe3 38. Qh8+ Ke7 39. Qg7+ Kd8 40. Qf8+ Kd7 41. Bb5+ 1-0

[Event "TUR-chT 2nd League"]
[Site "Konya"]
[Date "2017.07.20"]
[Round "6.7"]
[White "Tutuncu, Inci"]
[Black "Aladag, Begum"]
[Result "0-1"]
[WhiteElo "1436"]
[BlackElo "1379"]
[PlyCount "80"]
[EventDate "2017.07.17"]
[EventType "team-swiss"]
[EventRounds "9"]
[EventCountry "TUR"]
[SourceTitle "CBM 179 Extra"]
[Source "ChessBase"]
[SourceDate "2017.08.23"]
[SourceVersion "1"]
[SourceVersionDate "2017.08.23"]
[SourceQuality "1"]
[WhiteTeam "Genc Efe Izcilik"]
[BlackTeam "Mersin Zeka"]
[WhiteTeamCountry "TUR"]
[BlackTeamCountry "TUR"]

1. Nf3 g6 2. g3 Bg7 3. Bg2 d6 4. d4 c5 5. 0-0 Nd7 6. Nc3 Ngf6 7. Re1 0-0 8. e4 cxd4 9. Nxd4 Nc5 10. Nb3 Nxb3 11. axb3 Qc7 12. Bf4 Nh5 13. Nd5 Qd7 14. Nb6 axb6 15. Rxa8 Nxf4 16. gxf4 Bxb2 17. e5 Qc7 18. Ra2 Bc3 19. Re4 b5 20. exd6 exd6 21. Re3 b4 22. Ra8 Kg7 23. Ra2 Bf5 24. Bh3 Bxh3 25. Rxh3 Re8 26. Qf3 Qb6 27. Rg3 Re1+ 28. Kg2 Qb5 29. Qd3 Qc6+ 30. Rf3 Re4 31. Kg3 Re1 32. Ra5 Rg1+ 33. Kh3 Qc8+ 34. f5 Be5 35. Qc4 Qd8 36. Qxb4 Qg5 37. f6+ Kh6 38. Qh4+ Qxh4+ 39. Kxh4 g5+ 40. Kh3 g4+ 0-1

[Event "EU-ch U12 Girls 23rd"]
[Site "Budva"]
[Date "2013.10.06"]
[Round "7"]
[White "Manova, Ivana"]
[Black "Tutuncu, Inci"]
[Result "0-1"]
[WhiteElo "1678"]
[BlackElo "1516"]
[PlyCount "78"]
[EventDate "2013.09.29"]
[EventType "swiss"]
[EventRounds "9"]
[EventCountry "MNE"]
[SourceTitle "EXT 2014"]
[Source "ChessBase"]
[SourceDate "2013.11.20"]
[SourceVersion "1"]
[SourceVersionDate "2013.11.20"]
[SourceQuality "1"]

1. e4 e5 2. Bc4 Nf6 3. d3 Be7 4. Nc3 Nc6 5. f4 d6 6. f5 Na5 7. Nf3 Nxc4 8. dxc4 b6 9. Qd3 Bb7 10. h3 g6 11. Bg5 gxf5 12. Bxf6 Bxf6 13. exf5 e4 14. Nxe4 Bxb2 15. Rd1 Qe7 16. Nfd2 Be5 17. 0-0 0-0-0 18. Qa3 Bd4+ 19. Kh2 Bxe4 20. Rde1 Be5+ 21. Kg1 Bb7 22. Qxa7 Bxg2 23. Kxg2 Qg5+ 24. Kh1 Qxd2 25. Qa8+ Kd7 26. Qa4+ Ke7 27. Rxe5+ dxe5 28. Qb3 Qd6 29. f6+ Ke6 30. Qf3 Kd7 31. Qf5+ Ke8 32. Re1 Qc6+ 33. Kh2 Rd2+ 34. Kg3 Qd7 35. Qxe5+ Kd8 36. Qg5 Rxc2 37. Re7 Qd3+ 38. Kh4 Rxc4+ 39. Kh5 Qxh3+ 0-1